Statistics for Top Ski Jumping Countries in the Olympics

Click here to take the quiz!

General Stats

  • This quiz has been taken 508 times
    (335 since last reset)
  • The average score is 11 of 14

Answer Stats

Gold Silver Bronze Total Country % Correct
89418Germany
98%
691025Austria
98%
1191330Norway
96%
108422Finland
96%
4327Poland
94%
35411Japan
92%
4105Switzerland
89%
0123Slovenia
84%
0112Sweden
82%
0011United States
80%
0011France
79%
1001Soviet Union
63%
1247Czechoslovakia
51%
0112Yugoslavia
48%

Score Distribution

Percentile by Number Answered

Percent of People with Each Score

Your Score History

You have not taken this quiz since the last reset